000 00559nam a2200193 a 4500
001 000008751
005 20240305125107.0
008 090918s1964 dr 001 0 spa d
040 _aDO-SdBNP
082 _axxx
_bF363c
100 1 _aFernández Spencer, Antonio,
_d1922-1995
_922525
245 1 0 _aCaminando por la literatura hispánica /
_cAntonio Fernández Spencer.
260 _aSanto Domingo :
_bArquero,
_c1964.
300 _a278 p. ;
_c23 cm.
490 1 _aArquero
500 _aIncluye índice de autores
830 0 _aArquero
_922890
049 _aBNPD
999 _c8521
_d8521